Atatürk devrimleri tarihi/ (Record no. 14209)

MARC details
000 -BAŞLIK
Sabit Uzunlukta Kontrol Alanı 00741nam a22002177a 4500
999 ## - SİSTEM KONTROL NUMARALARI (KOHA)
Koha Biblionumber 14209
Koha Biblioitemnumber 14209
003 - KONTROL NUMARASI IDENTIFIER
Denetim Alanı MIRAKIL
005 - SON İŞLEM TARİHİ VE ZAMANI
Denetim Alanı 20211214000619.0
008 - SABİT-BOY VERİ ELEMANLARI - GENEL BİLGİLER
Sabit Uzunlukta Kontrol Alanı 201117b tu ||||| |||| 00| 0 tur d
040 ## - KATALOGLAMA KAYNAK
Orijinal Kataloglama Ajansı TR-AnCHP
Kataloglama Dili tur
Metne Dönüştürmek Ajansı TR-AnCHP
041 ## - DİL KODU
Metin / Ses Parça Veya Ayrı Başlığın Dil Kodu tur
082 ## - DEWEY ONLU SINIFLANDIRMA NUMARASI
Sınıflandırma Numarası ATA 956.10240
Ürün Numarası I65a 1981
100 ## - ANA GİRİŞ - KİŞİSEL İSİM
Kişisel Ad Irmak, Sadi
245 ## - BAŞLIK TABLOSU
Başlık Atatürk devrimleri tarihi/
Sorumluluk Tablosu, Vb Sadi Irmak.
260 ## - YAYIN, DAĞITIM, VB
Yayın, Dağıtım, Vb Yeri [Ankara] :
Yayıncı, Dağıtıcı, Vs Adı Yapı ve Kredi Bankası,
Yayın, Dağıtım, Vb Tarihi 1981.
300 ## - FİZİKSEL TANIM
Kapsam 260 s.:
Boyutlar 24 sm.
600 14 - KONU KATMA GİRİŞ - KURUMSAL ADI
Kişisel Ad Atatürk, Gazi Mustafa Kemal
Bir Adıyla İlişkilendirilen Tarihler 1881-1938
Genel Alt Bölümü Devrimler
9 (RLIN) 1465
600 14 - KONU KATMA GİRİŞ - KURUMSAL ADI
Kişisel Ad Atatürk, Gazi Mustafa Kemal
Bir Adıyla İlişkilendirilen Tarihler 1881-1938
Genel Alt Bölümü Siyasal ve sosyal görüşler
9 (RLIN) 1465
650 #0 - KONU KATMA GİRİŞ - TOPİKAL DÖNEM
Topikal Süreli Veya Coğrafi Ad Giriş Elemanı Siyaset ve yönetim
Genel Alt Bölümü Türkiye
Coğrafi Alt Bölümü Türkiye
9 (RLIN) 9
650 #0 - KONU KATMA GİRİŞ - TOPİKAL DÖNEM
9 (RLIN) 796
Topikal Süreli Veya Coğrafi Ad Giriş Elemanı Siyasal Tarih
Genel Alt Bölümü Devrimler
Coğrafi Alt Bölümü Türkiye
942 ## - EKLENDİ GİRİŞ ELEMANLARI (KOHA)
Sınıflandırma Veya Raf Düzeni Kaynak Dewey Decimal Classification
Koha Öğesi Türü Books
Holdings
Kalıcı Konum Mevcut Konum Edinme Tarihi Toplam Check-Out'Lar Tam Çağrı Numarası Barkod Tarih Son Görülme İtibaren Geçerli Fiyatlar Sigara Kamu Notu Koha Öğesi Türü
CHP Kütüphanesi CHP Kütüphanesi 11/17/2020   ATA 956.1024 I65a 1981 019739 11/17/2020 11/17/2020 Emine Başak Alkan Bağışıdır. Books